[Event "Iasi op"]
[Site "Iasi"]
[Date "2014.05.13"]
[Round "4"]
[White "Nastase, Andreea Cristina"]
[Black "Balta, Dan"]
[Result "1-0"]
[WhiteElo "1676"]
[BlackElo "1445"]
[PlyCount "80"]
[EventDate "2014.05.10"]
[EventType "swiss"]
[EventRounds "9"]
[EventCountry "ROU"]
[SourceTitle "CBM 160 Extra"]
[Source "ChessBase"]
[SourceDate "2014.07.01"]
[SourceVersion "1"]
[SourceVersionDate "2014.07.01"]
[SourceQuality "1"]

1. d4 Nf6 2. c4 g6 3. Nc3 Bg7 4. e4 d6 5. f3 0-0 6. Bg5 a5 7. Qd2 Na6 8. h4 e5 9. dxe5 dxe5 10. Qxd8 Rxd8 11. Nd5 Rd6 12. Bxf6 Bxf6 13. Nxf6+ Rxf6 14. 0-0-0 Kf8 15. h5 Rd6 16. Ne2 Rxd1+ 17. Kxd1 Nc5 18. Nc3 c6 19. g3 Be6 20. Kc2 Ke7 21. Be2 Rd8 22. hxg6 hxg6 23. Rd1 Rxd1 24. Nxd1 f5 25. Nf2 Kd6 26. a3 fxe4 27. fxe4 a4 28. Kc3 Nb3 29. Bd1 Kc5 30. Nd3+ Kd6 31. Bxb3 axb3 32. c5+ Ke7 33. Nxe5 Kf6 34. Kd4 Kg5 35. a4 Kf6 36. a5 Bc8 37. Nc4 Be6 38. Nd6 Kg5 39. Nxb7 Bc8 40. Nd6 Ba6 1-0